00863cam a22002414a 450000500170000000800410001702000150005804000290007304100080010204400080011008200190011824501360013726000460027330000660031950400290038565000310041465000290044565000340047470000330050870000300054170000240057170000260059520180803165246.0031113s2004 dcua 000 0 eng  a1559633751 aDLCcDLCdDLCdCO-BoIAVH aeng axxu04a333.7153bT28s00aAssembly rules and restoration ecology :bbridging the gap between theory and practice /cedited by Vicky M. Temperton [y otros 3]. aWashington, D.C. :bIsland Press,cc2004. axv, 439 páginas :bilustraciones, gráficas ;c24 x 15 cm. aIncluye bibliografías. 6aRestauración ecológica 4aComunidades biológicas 6aRecuperación de ecosistemas1 aTemperton, Vicky M.eEditora1 aHobbs, Richard J.eEditor1 aNuttle, TimeEditor1 aHalle, StefaneEditor